| 000 | 00537nam a22001817a 4500 | ||
|---|---|---|---|
| 999 |
_c20217 _d20217 |
||
| 003 | BDDh-ASL | ||
| 005 | 20231015025847.0 | ||
| 008 | 201227n pk ||||| |||| 00| 0 eng d | ||
| 040 | _cBDDh-ASL | ||
| 082 |
_a297 _bALS |
||
| 100 | 1 |
_92614 _aAli, Mir Hashmat |
|
| 245 | 1 | 0 | _aSupport of the Faith/ |
| 260 |
_aLahore: _bOrientalia, |
||
| 300 |
_a73 p.: _c18cm. |
||
| 650 | 0 |
_91652 _aIslam |
|
| 650 | 0 |
_aReligion, ধর্ম, Dharma, faith, creed, law, worship, property, আস্তিকতা, দীন _92606 |
|
| 942 |
_2ddc _cBK |
||